Historia de las instituciones argentinas

Αποθηκεύτηκε σε:
Λεπτομέρειες βιβλιογραφικής εγγραφής
Κύριος συγγραφέας: Bravo, Omar A (Συγγραφέας)
Μορφή: Βιβλίο
Γλώσσα:Ισπανικά
Έκδοση: Buenos Aires Depalma 1985
Θέματα:
Ετικέτες: Προσθήκη ετικέτας
Δεν υπάρχουν, Καταχωρήστε ετικέτα πρώτοι!

MARC

LEADER 00000nam a2200000 a 4500
001 UCR1406
003 CL-VaPUC
008 971219e19850000AG |||||||||||||||||spa|d
082 0 4 |a 342.82  |b BRA  |2 21 
100 0 |a Bravo, Omar A  |e author  |9 398457 
245 1 0 |a Historia de las instituciones argentinas 
300 |a 279 p 
942 |c BK 
945 |d 19971219 00:00:00  |a cmena 
260 |a Buenos Aires  |b Depalma  |c 1985 
600 0 7 |a CONGRESO NACIONAL DE ARGENTINA  |2 CL-VaPUC  |9 398458 
650 0 |a Administración pública   |9 255343 
650 0 |a Poder político  |9 255509 
650 0 |a Poderes del estado  |9 377457 
650 0 |a Derecho constitucional   |9 222588 
650 0 |a Derecho público   |9 255910 
650 0 |a Derecho Indiano  |9 256266 
650 7 |a REVOLUCION DE MAYO  |2 CL-VaPUC  |9 398459 
650 0 |a Justicia   |9 255408 
650 7 |a TRATADOS  |2 CL-VaPUC  |9 398460 
650 0 |a Partidos políticos  |9 254999 
650 0 |a Elecciones  |9 254997 
651 0 |a Argentina  |9 254888 
583 |a last modification  |c 20130925 07:10:08  |k Rodrigo Vera 
999 |c 264808  |d 264806 
952 |0 0  |1 0  |4 0  |6 342_820000000000000_BRA_1985  |7 0  |8 DER_HDC  |9 295313  |a BIBDER  |b BIBDER  |d 2019-11-19  |i 1922505  |o 342.82 BRA 1985  |p 1922505  |r 2023-01-25  |w 2019-11-19  |x Ubicación 4to Piso  |y BK  |z Estos recursos deben solicitarse con anticipación  |k DER